London Underground Challenge #1 - Oxford Circus To Heathrow - Statistics

General Stats
  • This quiz has been taken 28 times
  • The average score is 8 of 11
Answer Stats
Route (Lines) Interchange station % Correct
Bakerloo & Elizabeth/Heathrow Express Paddington
100%
Bakerloo & Piccadilly Piccadilly Circus
90%
Central & Elizabeth Bond Street
85%
Central & Elizabeth Ealing Broadway
80%
Central & Elizabeth Tottenham Court Road
80%
Victoria & Piccadilly Green Park
75%
Victoria & Piccadilly Kings Cross St Pancras
70%
Central & Piccadilly Holborn
65%
Central & Elizabeth Liverpool Street
65%
Central & Elizabeth Stratford
60%
Victoria & Piccadilly Finsbury Park
55%
No matching quizzes found
Score Distribution
Percent of People with Each Score
Percentile by Number Answered
Your Score History
You have not taken this quiz